Be brave

Bibliographic Details
Main Author: Barnett,Stephen (Author)
Other Authors: Brooks,Rosie (Illustrator)
Format: Book
Published: India : Pegagus Publication
Series:Moral stories series Level 2
Subjects:

MARC

LEADER 00000cam a2200000 7i4500
001 0000095201
005 20250526113651.0
008 250526 eng
020 |a 9788131908808 (  |q (paperback)) 
040 |e rda 
041 |a English 
090 0 0 |a JP   |b MOR ENG 
100 1 |a Barnett,Stephen ,   |e (author) 
245 1 0 |a Be brave   |c Stephen Barnett 
264 1 |a India :   |b Pegagus Publication 
300 |a 32 pages :   |b colour illustrations ;   |c 22 cm. 
336 |a text  |2 rdacontent 
337 |a unmediated  |2 rdamedia 
338 |a volume  |2 rdacarrier 
490 1 |a Moral stories series   |v Level 2 
500 |a Children age 4-6 years old (yellow) 
541 |c Purchased on 2024   |f 158-24 NHR   |h RM27.00 
650 1 0 |a Children's stories,English 
650 2 0 |a Moral stories,English 
700 1 |a Brooks,Rosie ,   |e (illustrator) 
999 |a 0001807891   |b Book   |c Children Collection   |e Perbadanan Perpustakaan Awam Johor 
999 |a 0001807892   |b Book   |c Children Collection   |e Perbadanan Perpustakaan Awam Johor 
999 |a 0001807893   |b Book   |c Children Collection   |e Perbadanan Perpustakaan Awam Johor 
999 |a 0001807894   |b Book   |c Children Collection   |e Perbadanan Perpustakaan Awam Johor 
999 |a 0001807895   |b Book   |c Children Collection   |e Perbadanan Perpustakaan Awam Johor 
999 |a 0001807896   |b Book   |c Children Collection   |e Perbadanan Perpustakaan Awam Johor 
999 |a 0001807897   |b Book   |c Children Collection   |e Perbadanan Perpustakaan Awam Johor 
999 |a 0001807898   |b Book   |c Children Collection   |e Perbadanan Perpustakaan Awam Johor 
999 |a 0001807899   |b Book   |c Children Collection   |e Perbadanan Perpustakaan Awam Johor 
999 |a 0001807900   |b Book   |c Children Collection   |e Perbadanan Perpustakaan Awam Johor 
999 |a 0001807901   |b Book   |c Children Collection   |e Perbadanan Perpustakaan Awam Johor 
999 |a 0001807902   |b Book   |c Children Collection   |e Perbadanan Perpustakaan Awam Johor 
999 |a 0001807903   |b Book   |c Children Collection   |e Perbadanan Perpustakaan Awam Johor 
999 |a 0001807904   |b Book   |c Children Collection   |e Perbadanan Perpustakaan Awam Johor 
999 |a 0001807905   |b Book   |c Children Collection   |e Perbadanan Perpustakaan Awam Johor 
999 |a 0001807906   |b Book   |c Children Collection   |e Perbadanan Perpustakaan Awam Johor 
999 |a 0001807907   |b Book   |c Children Collection   |e Perbadanan Perpustakaan Awam Johor 
999 |a 0001811287   |b Book   |c Children Collection   |e Desa - PPAJ 
999 |a 0001811288   |b Book   |c Children Collection   |e Desa - PPAJ 
999 |a 0001811289   |b Book   |c Children Collection   |e Desa - PPAJ 
999 |a 0001811290   |b Book   |c Children Collection   |e Desa - PPAJ 
999 |a 0001811291   |b Book   |c Children Collection   |e Desa - PPAJ 
999 |a 0001811292   |b Book   |c Children Collection   |e Desa - PPAJ 
999 |a 0001811293   |b Book   |c Children Collection   |e Desa - PPAJ 
999 |a 0001811294   |b Book   |c Children Collection   |e Desa - PPAJ 
999 |a 0001811295   |b Book   |c Children Collection   |e Desa - PPAJ 
999 |a 0001811296   |b Book   |c Children Collection   |e Desa - PPAJ 
999 |a 0001811297   |b Book   |c Children Collection   |e Desa - PPAJ 
999 |a 0001811298   |b Book   |c Children Collection   |e Desa - PPAJ 
999 |a 0001811299   |b Book   |c Children Collection   |e Desa - PPAJ 
999 |a 0001811300   |b Book   |c Children Collection   |e Desa - PPAJ 
999 |a 0001811301   |b Book   |c Children Collection   |e Desa - PPAJ 
999 |a 0001811302   |b Book   |c Children Collection   |e Desa - PPAJ 
999 |a 0001811303   |b Book   |c Children Collection   |e Desa - PPAJ 
999 |a 0001811304   |b Book   |c Children Collection   |e Desa - PPAJ 
999 |a 0001811305   |b Book   |c Children Collection   |e Desa - PPAJ 
999 |a 0001811306   |b Book   |c Children Collection   |e Desa - PPAJ 
999 |a 0001811307   |b Book   |c Children Collection   |e Desa - PPAJ 
999 |a 0001811308   |b Book   |c Children Collection   |e Desa - PPAJ 
999 |a 0001811309   |b Book   |c Children Collection   |e Desa - PPAJ 
999 |a 0001811310   |b Book   |c Children Collection   |e Desa - PPAJ 
999 |a 0001811311   |b Book   |c Children Collection   |e Desa - PPAJ 
999 |a 0001811312   |b Book   |c Children Collection   |e Desa - PPAJ 
999 |a 0001811313   |b Book   |c Children Collection   |e Desa - PPAJ 
999 |a 0001811314   |b Book   |c Children Collection   |e Desa - PPAJ 
999 |a 0001811315   |b Book   |c Children Collection   |e Desa - PPAJ 
999 |a 0001811316   |b Book   |c Children Collection   |e Desa - PPAJ 
999 |a 0001811317   |b Book   |c Children Collection   |e Desa - PPAJ 
999 |a 0001811318   |b Book   |c Children Collection   |e Desa - PPAJ 
999 |a 0001811319   |b Book   |c Children Collection   |e Desa - PPAJ 
999 |a 0001811320   |b Book   |c Children Collection   |e Desa - PPAJ 
999 |a 0001811321   |b Book   |c Children Collection   |e Desa - PPAJ 
999 |a 0001811322   |b Book   |c Children Collection   |e Desa - PPAJ 
999 |a 0001811323   |b Book   |c Children Collection   |e Desa - PPAJ 
999 |a 0001811324   |b Book   |c Children Collection   |e Desa - PPAJ 
999 |a 0001811325   |b Book   |c Children Collection   |e Desa - PPAJ 
999 |a 0001811326   |b Book   |c Children Collection   |e Desa - PPAJ 
999 |a 0001811327   |b Book   |c Children Collection   |e Desa - PPAJ